000 00524nam a2200181Ia 4500
008 240925s9999 xx 000 0 und d
020 _a790612143
082 _a005.133 THO
100 _aThomas , E. Leonik
245 0 _aHome Automation Basic: practical applications using visual basic 6
250 _aNA
260 _aNew Delhi:
_bCBS Publication
_c,2000.
300 _axxix,795p.
_bNA
_fOriginal
500 _aNA
600 _aComputer Science
650 _aComputer science, information & general works
942 _cBK
999 _c8128
_d8128